| 000 | 00355nam a2200133Ia 4500 | ||
|---|---|---|---|
| 008 | 220217s9999||||xx |||||||||||||| ||und|| | ||
| 020 | _a81-222-0014-1 | ||
| 082 | _a001 DEV | ||
| 100 |
_aDevi, Shakuntala _93719 |
||
| 245 | 0 | _aPuzzles to puzzle you | |
| 260 |
_aOrient paper backs _bDelhi _c2002 |
||
| 300 | _b50 | ||
| 650 | _aEXAM BOOKS/GRE/CAT/GATE | ||
| 999 |
_c172440 _d172440 |
||